Представление документа в формате MARC21

Поле Инд. ПП Название Значение
Тип записи a
Библиографический уровень a
001 Контрольный номер e10be840a1204cad8b488ebe37460d49
005 Дата корректировки 20151208124517.7
020 a ISBN 978-5-903927-23-4
040 a Служба первич. каталог. НБ ТвГУ
b Код языка каталог. rus
e Правила каталог. PSBO
041 0_ a Код языка текста rus
097 b Оператор batjaeva_g
100 1_ a Автор Адно Юрий Леонидович
q Полное имя Адно Ю. Л.
245 10 a Заглавие Металлургия: надежды на оживление
260 a Место издания Москва
b Издательство Идея-Пресс
504 a Библиография Библиогр. в подстроч. примеч.
520 0_ a Аннотация В статье рассмотрены особенности развития в 2014 г. мировой металлургии, которая в последние годы находилась в состоянии рецессии. Несмотря на нерешенные проблемы, можно отметить определенные позитивные сдвиги в отрасли в сторону стабилизации и оздоровления производства и рынка. При этом в металлургии Европы сохраняется сложная ситуация, а роль основного драйвера по-прежнему принадлежит Китаю. Для металлургии России выход из рецессии и перспективы развития связаны с серьезной реструктуризацией экономической политики.
653 0_ a Ключевые слова Мировая металлургия
a Ключевые слова Рецессия
a Ключевые слова Оживление рынка
a Ключевые слова Реструктуризация
a Ключевые слова Китай
a Ключевые слова Россия
a Ключевые слова Экономическая политика
773 18 w Контрольный № источника b4af36c863064c599b575333bbb4ae52
t Название источника Год планеты: экономика, политика, безопасность
d Место и дата издания Москва : Идея-Пресс, 2014
g Прочая информация Вып. 2014 г. - С. 77-91
901 t Тип документа a
920 a Оператор Батя